00857cam a2200193 4500001000500000005001700005008003900022010001700061020002900078100003300107245014400140260004000284300002600324520019700350650002500547650004400572650003000616700001700646326520181127170903.0120130s2012 nyu 000 0 eng a 2012001666 a9781594486234 (hardback)0 aGyalwang DrukpabXII,d1963-10aEveryday enlightenment :bthe essential guide to finding happiness in the modern world /cHis Holiness The Gyalwang Drukpa with Kate Adams. aNew York :bRiverhead Books,c2012. axix, 188 p. ;c22 cm. a""An engaging and accessible practical guide to finding happiness today, written by the leader of the second largest Buddhist sect in the world, the Gyalwang Drukpa""--cProvided by publisher. 0aBuddhismxDoctrines. 0aHappinessxReligious aspectsxBuddhism. 0aReligious lifexBuddhism.1 aAdams, Kate.